Wszystkie państwa posiadające wyłącznie jednego sąsiada - Statystyki

Ogólne statystyki
  • Ten quiz został rozwiązany 824 razy
  • Średni wynik to 7 z 12
Statystyki odpowiedzi
Lp. Państwo % Poprawnych
5 Kanada
81%
12 Watykan
78%
10 San Marino
76%
9 Portugalia
73%
6 Korea Południowa
71%
7 Lesotho
65%
1 Dania
60%
4 Haiti
53%
2 Dominikana
51%
8 Papua Nowa Gwinea
44%
11 Timor Wschodni
33%
3 Gambia
29%
Nie znaleziono quizów pasujących do podanych kryteriów
Rozkład punktacji
Procent ludzi z każdym wynikiem
Percentyl według liczby udzielonych odpowiedzi
Twoja historia wyników
Nie rozwiązałeś tego quizu